[Rezension von: Runia, David T., 1951-, Philo of Alexandria : collected studies 1997-2021]
| Main Author: | |
|---|---|
| Contributors: | |
| Format: | Print Review |
| Language: | English |
| Check availability: | HBZ Gateway |
| Interlibrary Loan: | Interlibrary Loan for the Fachinformationsdienste (Specialized Information Services in Germany) |
| Published: |
2024
|
| In: |
The studia Philonica annual
Year: 2024, Volume: 36, Pages: 237-247 |
| Review of: | Philo of Alexandria (Tübingen : Mohr Siebeck, 2023) (Sterling, Gregory E.)
Philo of Alexandria (Tübingen : Mohr Siebeck, 2023) (Sterling, Gregory E.) Philo of Alexandria (Tübingen : Mohr Siebeck, 2023) (Sterling, Gregory E.) |
| RelBib Classification: | HD Early Judaism TB Antiquity |
| Further subjects: | B
Book review
|
MARC
| LEADER | 00000caa a2200000 c 4500 | ||
|---|---|---|---|
| 001 | 1950064948 | ||
| 003 | DE-627 | ||
| 005 | 20260130192440.0 | ||
| 007 | tu | ||
| 008 | 260123s2024 xx ||||| o 00| ||eng c | ||
| 035 | |a (DE-627)1950064948 | ||
| 035 | |a (DE-599)KXP1950064948 | ||
| 040 | |a DE-627 |b ger |c DE-627 |e rda | ||
| 041 | |a eng | ||
| 084 | |a 1 |2 ssgn | ||
| 100 | 1 | |e VerfasserIn |0 (DE-588)113294697 |0 (DE-627)598142185 |0 (DE-576)305860496 |4 aut |a Sterling, Gregory E. |d 1954- | |
| 109 | |a Sterling, Gregory E. 1954- |a Sterling, Gregory 1954- |a Sterling, Greg 1954- | ||
| 245 | 1 | 0 | |a [Rezension von: Runia, David T., 1951-, Philo of Alexandria : collected studies 1997-2021] |c Gregory E. Sterling |
| 264 | 1 | |c 2024 | |
| 336 | |a Text |b txt |2 rdacontent | ||
| 337 | |a ohne Hilfsmittel zu benutzen |b n |2 rdamedia | ||
| 338 | |a Band |b nc |2 rdacarrier | ||
| 601 | |a Alexandria | ||
| 652 | |a HD:TB | ||
| 655 | 7 | |a Rezension |0 (DE-588)4049712-4 |0 (DE-627)106186019 |0 (DE-576)209083166 |2 gnd-content | |
| 700 | 1 | |e VerfasserIn des Bezugswerks |0 (DE-588)113181515 |0 (DE-627)602582334 |0 (DE-576)307677451 |4 ant |a Runia, David T. |d 1951- | |
| 773 | 0 | 8 | |i Enthalten in |t The studia Philonica annual |d Providence, RI : Brown Univ., 1989 |g 36(2024), Seite 237-247 |w (DE-627)170154262 |w (DE-600)1018015-1 |w (DE-576)020017219 |x 1052-4533 |7 nnas |
| 773 | 1 | 8 | |g volume:36 |g year:2024 |g pages:237-247 |
| 787 | 0 | 8 | |i Rezension von |a Runia, David T., 1951 - |t Philo of Alexandria |d Tübingen : Mohr Siebeck, 2023 |h XII, 554 Seiten |w (DE-627)1835777740 |z 9783161618765 |z 3161618769 |
| 787 | 0 | 8 | |i Rezension von |a Runia, David T., 1951 - |t Philo of Alexandria |b 1st ed. |d Tübingen : Mohr Siebeck, 2023 |h 1 online resource (571 pages) |w (DE-627)1885163185 |z 9783161622205 |
| 787 | 0 | 8 | |i Rezension von |a Runia, David T., 1951 - |t Philo of Alexandria |d Tübingen : Mohr Siebeck, 2023 |h 1 Online-Ressource (XIII, 554 Seiten) |w (DE-627)1837218560 |z 9783161622205 |
| 935 | |a BIIN | ||
| 951 | |a AR | ||
| BIB | |a 1 | ||
| ELC | |b 1 | ||
| ITA | |a 1 |t 1 | ||
| LOK | |0 000 xxxxxcx a22 zn 4500 | ||
| LOK | |0 001 4858463885 | ||
| LOK | |0 003 DE-627 | ||
| LOK | |0 004 1950064948 | ||
| LOK | |0 005 20260130192440 | ||
| LOK | |0 008 260123||||||||||||||||ger||||||| | ||
| LOK | |0 040 |a DE-Tue135-1 |c DE-627 |d DE-Tue135-1 | ||
| LOK | |0 852 |a DE-Tue135-1 | ||
| LOK | |0 852 1 |m p |9 00 | ||
| LOK | |0 852 2 |b FTH Z4-784 |9 00 | ||
| LOK | |0 8564 |u https://bibsearch.uibk.ac.at/AC00366565 | ||
| LOK | |0 935 |a inzs | ||
| LOK | |0 936ln |0 1442044160 |a HD | ||
| LOK | |0 936ln |0 1442053534 |a TB | ||
| LOK | |0 938 |k p | ||
| LOK | |0 939 |a 23-01-26 |b l01 | ||
| ORI | |a SA-MARC-ixtheoa001.raw | ||
| REL | |a 1 | ||
| SUB | |a BIB |a REL | ||



